[Event "Titled Tue 27th May Early"]
[Site "chess.com INT"]
[Date "2025.05.27"]
[Round "1"]
[White "Soham, Kamotra"]
[Black "Torres Rebolledo, Alvaro"]
[Result "1-0"]
[WhiteTitle "IM"]
[BlackTitle "FM"]
[WhiteElo "2407"]
[BlackElo "2336"]
[WhiteFideId "46647490"]
[BlackFideId "54587670"]
[EventDate "2025.05.27"]

1. d4 d6 2. Nf3 Nf6 3. Bg5 Nbd7 4. Nbd2 c6 5. e4 e5 6. c3 Be7 7. Be2 O-O 8. O-O
Re8 9. dxe5 Nxe5 10. Nxe5 dxe5 11. Qc2 h6 12. Be3 Ng4 13. Bxg4 Bxg4 14. f3 Be6
15. Rfd1 Qc7 16. a4 a5 17. Nb3 b6 18. Nd2 b5 19. Nb3 b4 20. c4 Red8 21. Nc5 Qb6
22. Qf2 Bxc5 23. Bxc5 Qb7 24. b3 f6 25. Bb6 Rd7 26. Qc5 Ra6 27. Bxa5 Qa7 28.
Bxb4 Rb7 29. Qxa7 Raxa7 30. Rd8+ Kh7 31. Bc5 Ra6 32. Ra3 f5 33. a5 fxe4 34. fxe4
Bg4 35. Kf2 Rf7+ 36. Ke3 Rf1 37. h3 Bh5 38. b4 Bg6 39. b5 Re1+ 40. Kf2 Rxe4 41.
bxa6 Rxc4 42. a7 1-0

[Event "Titled Tue 27th May Early"]
[Site "chess.com INT"]
[Date "2025.05.27"]
[Round "1"]
[White "Sarasketa Irastortza, Oier"]
[Black "Ostanin, Vadim"]
[Result "0-1"]
[WhiteTitle "CM"]
[BlackTitle "FM"]
[WhiteElo "2190"]
[BlackElo "2317"]
[WhiteFideId "54728207"]
[BlackFideId "24125016"]
[EventDate "2025.05.27"]

1. d4 d5 2. c4 dxc4 3. Nf3 Nf6 4. e3 e6 5. Bxc4 a6 6. O-O c5 7. b3 Nc6 8. Bb2 b5
9. Be2 Bb7 10. Nbd2 cxd4 11. Nxd4 Nxd4 12. Bxd4 Be7 13. a4 O-O 14. axb5 axb5 15.
Bf3 Rxa1 16. Qxa1 Bxf3 17. Nxf3 Qd5 18. Qb2 h6 19. Ra1 Rc8 20. Ra7 Qxb3 21. Qa1
Bd8 22. h3 Qc2 23. Ne5 Qc1+ 24. Qxc1 Rxc1+ 25. Kh2 Bc7 26. g3 Ne4 27. Nd3 Rc2
28. Kg2 Bxg3 29. Kf3 Nxf2 30. Ra8+ Kh7 31. Nxf2 Bxf2 32. Ra7 Kg6 33. Rb7 Bh4 34.
Rxb5 Bf6 35. Bxf6 Kxf6 36. Ra5 g5 37. Rb5 Rc4 38. Ra5 Rh4 39. Kg3 Kg6 40. Rb5
Re4 41. Kf3 f5 42. Ra5 h5 0-1

[Event "Titled Tue 27th May Early"]
[Site "chess.com INT"]
[Date "2025.05.27"]
[Round "1"]
[White "Tiitta, Sauli"]
[Black "Martinez Fernandez, Adrian"]
[Result "0-1"]
[BlackTitle "IM"]
[WhiteElo "2157"]
[BlackElo "2404"]
[WhiteFideId "502251"]
[BlackFideId "32049048"]
[EventDate "2025.05.27"]

1. g4 d6 2. Bg2 c6 3. h3 h5 4. g5 e5 5. d4 Be7 6. h4 Bf5 7. Nc3 Nd7 8. dxe5 dxe5
9. Be3 Nc5 10. Nf3 f6 11. gxf6 gxf6 12. Nd2 Nh6 13. Nc4 Ng4 14. Bxc5 Bxc5 15. e3
Qxd1+ 16. Rxd1 Bxc2 17. Rd2 Bf5 18. Na5 Rd8 19. Rxd8+ Kxd8 20. Nxb7+ Kc7 21.
Nxc5 Rg8 22. Bf3 Kb6 23. b4 Rd8 24. Ke2 Kc7 25. Rd1 Rh8 26. Be4 Bc8 27. f3 Nh6
28. b5 cxb5 29. Nd5+ Kd6 30. Nb3 f5 31. Nb6+ Ke6 32. Nxc8 fxe4 33. Rd6+ Kf7 34.
Nxa7 exf3+ 35. Kxf3 Nf5 36. Rd7+ Kf6 37. Nc5 Nxh4+ 38. Ke4 Ng6 39. Nc6 h4 40.
Rd6+ Kg5 41. Ne6+ Kg4 42. Nxe5+ Nxe5 43. Kxe5 h3 44. Nf4 h2 45. Rg6+ Kf3 46. Nh5
Rxh5+ 47. Kd4 h1=Q 48. Rf6+ Ke2 0-1

[Event "Titled Tue 27th May Early"]
[Site "chess.com INT"]
[Date "2025.05.27"]
[Round "1"]
[White "Vasilenok, Anton"]
[Black "Sathvik Adiga"]
[Result "1-0"]
[WhiteTitle "CM"]
[BlackTitle "IM"]
[WhiteElo "2137"]
[BlackElo "2341"]
[WhiteFideId "34133124"]
[BlackFideId "25745700"]
[EventDate "2025.05.27"]

1. e4 e5 2. Nf3 Nc6 3. Nc3 Nf6 4. h3 d5 5. exd5 Nxd5 6. Bb5 Nxc3 7. bxc3 Bd6 8.
O-O O-O 9. d4 exd4 10. cxd4 Bf5 11. c3 h6 12. Re1 Qf6 13. Bd3 Ne7 14. Ne5 Rad8
15. Qf3 Rfe8 16. Bf4 c6 17. Rab1 b6 18. Bg3 c5 19. Ng4 Qg6 20. Bxf5 Nxf5 21. Ne5
Qg5 22. Nc6 Ra8 23. Bxd6 Nxd6 24. d5 Rxe1+ 25. Rxe1 Qd2 26. Re7 Rf8 27. Rd7 Nc4
28. Ne7+ Kh7 29. Qe4+ g6 30. Qxc4 Qd1+ 31. Kh2 Qd2 32. Qg4 Qxc3 33. Nxg6 Qf6 34.
Nxf8+ Kh8 35. Rxa7 Qd6+ 36. Qg3 Qf6 37. Ra8 Qd4 38. Ne6+ Kh7 39. Qg8# 1-0

[Event "Titled Tue 27th May Early"]
[Site "chess.com INT"]
[Date "2025.05.27"]
[Round "1"]
[White "Ristic, Nebojsa M"]
[Black "Zhigalko, Sergei"]
[Result "0-1"]
[WhiteTitle "IM"]
[BlackTitle "GM"]
[WhiteElo "2248"]
[BlackElo "2572"]
[WhiteFideId "900850"]
[BlackFideId "13502956"]
[EventDate "2025.05.27"]

1. d4 Nf6 2. Bf4 e6 3. e3 b6 4. Nf3 Bb7 5. Nbd2 Nh5 6. Bg5 Be7 7. Bxe7 Qxe7 8.
Bd3 O-O 9. a4 a6 10. c3 f5 11. Qe2 d6 12. Nf1 Nd7 13. Ng3 Nhf6 14. e4 fxe4 15.
Nxe4 Nd5 16. g3 e5 17. dxe5 Rxf3 18. Qxf3 Nxe5 19. Qe2 Nxd3+ 20. Qxd3 Nf6 21. f3
d5 22. O-O-O dxe4 23. Qc4+ Qf7 24. Qxf7+ Kxf7 25. fxe4 Bxe4 26. Rhe1 Bc6 27. Rd4
Re8 28. Red1 Re4 29. h4 Bxa4 30. Rxe4 Nxe4 31. Rd4 Nc5 32. Rf4+ Ke6 33. Kd2 Bb3
34. h5 h6 35. Rg4 Kf7 36. Rf4+ Kg8 37. Rd4 Be6 38. Ke3 Kf7 39. Kf4 a5 40. g4 Ke7
41. g5 Bf7 42. gxh6 gxh6 43. Kg4 a4 44. Rf4 Be6+ 45. Kh4 b5 46. Rd4 Bc4 47. Rg4
Bf7 48. Rg7 Nd3 49. Rh7 Nxb2 50. Rxh6 a3 51. Ra6 Na4 52. h6 a2 53. h7 a1=Q 54.
Rh6 Qh1+ 55. Kg5 Qg2+ 56. Kh4 Qh2+ 57. Kg5 Qg3+ 58. Kf5 Bg6+ 59. Rxg6 Qh3+ 60.
Ke5 Qxh7 61. Re6+ Kd7 62. Rf6 Qg7 63. Kf5 Qxf6+ 64. Kxf6 Nxc3 65. Kf5 b4 66. Kf4
b3 67. Ke3 b2 68. Kd4 b1=Q 69. Kxc3 Qb6 70. Kc4 Qc6+ 71. Kd3 Qd5+ 0-1

[Event "Titled Tue 27th May Early"]
[Site "chess.com INT"]
[Date "2025.05.27"]
[Round "1"]
[White "Calvo Gonzalez, Jose Felix"]
[Black "Principe, Gerson"]
[Result "0-1"]
[WhiteTitle "CM"]
[BlackTitle "FM"]
[WhiteElo "2168"]
[BlackElo "2176"]
[WhiteFideId "54505615"]
[BlackFideId "3804550"]
[EventDate "2025.05.27"]

1. e4 c5 2. Nf3 e6 3. d4 cxd4 4. Nxd4 Nf6 5. Nc3 Nc6 6. Ndb5 Bb4 7. a3 Bxc3+ 8.
Nxc3 d5 9. exd5 exd5 10. Bd3 O-O 11. O-O d4 12. Ne2 Bg4 13. f3 Bh5 14. Bg5 Bg6
15. Ng3 Bxd3 16. Qxd3 h6 17. Bxf6 Qxf6 18. f4 Rfe8 19. Ne4 Qf5 20. Rae1 Rad8 21.
h3 h5 22. Qf3 Kf8 23. g4 Qb5 24. Qd3 Qxd3 25. cxd3 Ne7 26. Rc1 Nd5 27. Kf2 Nxf4
28. Rc7 Re7 29. Rxe7 Kxe7 30. Rd1 h4 31. Kf3 Ng6 32. Rc1 Ne5+ 33. Ke2 Rd7 34.
Rc5 f6 35. Nd2 Ng6 36. Kf3 Kf7 37. Nc4 Ne7 38. Ra5 Nc6 39. Rh5 a6 40. Rxh4 b5
41. Nd2 Ne5+ 42. Ke2 Re7 43. Ne4 Ng6 44. Rh7 Kg8 45. Rh5 Nf4+ 0-1

[Event "Titled Tue 27th May Early"]
[Site "chess.com INT"]
[Date "2025.05.27"]
[Round "1"]
[White "Kjaergaard-Jensen, Jesper"]
[Black "Pham, Le Thao Nguyen"]
[Result "0-1"]
[WhiteTitle "CM"]
[BlackTitle "IM"]
[WhiteElo "2081"]
[BlackElo "2388"]
[WhiteFideId "1406990"]
[BlackFideId "12401226"]
[EventDate "2025.05.27"]

1. d4 d5 2. Nf3 c6 3. c3 Nf6 4. Bg5 Ne4 5. h4 Bf5 6. Nbd2 h6 7. Bf4 Nd7 8. e3 e6
9. Nxe4 Bxe4 10. Nd2 Bh7 11. Be2 Be7 12. h5 a5 13. Bf3 Qb6 14. Qb3 a4 15. Qxb6
Nxb6 16. a3 O-O 17. Bc7 Nd7 18. e4 Rfe8 19. Bg3 Bg5 20. e5 f6 21. Be2 fxe5 22.
dxe5 Be7 23. f4 Bc5 24. Bg4 Bb6 25. Nf3 Nc5 26. Nd4 Nd3+ 27. Ke2 Bxd4 28. cxd4
Nxb2 29. Be1 Nd3 30. Bc3 Nxf4+ 31. Kf3 Nd3 32. Kg3 Rf8 33. Bxe6+ Kh8 34. Rhf1
Be4 35. Rf7 g5 36. Raf1 Nf4 37. R1xf4 gxf4+ 38. Rxf4 Rxf4 39. Kxf4 Rf8+ 40. Kg3
Kg7 41. Bb4 Rf1 42. Bd7 Bf5 43. Bxf5 Rxf5 44. e6 Kf6 45. e7 Kf7 46. Kh4 Rf4+ 47.
g4 Rxd4 48. Kg3 b6 49. g5 hxg5 50. h6 Rh4 51. Bd6 Rxh6 52. Kg4 Rxd6 0-1

[Event "Titled Tue 27th May Early"]
[Site "chess.com INT"]
[Date "2025.05.27"]
[Round "1"]
[White "Mica, Marek"]
[Black "Sahetchian, Armand"]
[Result "1-0"]
[WhiteTitle "FM"]
[BlackTitle "CM"]
[WhiteElo "2372"]
[BlackElo "2024"]
[WhiteFideId "382884"]
[BlackFideId "607150"]
[EventDate "2025.05.27"]

1. d4 Nf6 2. c4 e6 3. Nf3 d5 4. g3 Bb4+ 5. Nbd2 O-O 6. Bg2 c5 7. dxc5 Bxc5 8.
O-O Nc6 9. a3 a5 10. cxd5 exd5 11. Nb3 Bb6 12. Bg5 h6 13. Bd2 Ne4 14. Rc1 a4 15.
Na1 Qf6 16. Bc3 Nxc3 17. Rxc3 Be6 18. Nc2 Rfd8 19. e3 Bg4 20. h3 Bf5 21. Ncd4
Ba5 22. Rc1 Bb6 23. Qd2 Be4 24. Nxc6 bxc6 25. Nd4 Bxg2 26. Kxg2 Rac8 27. Rfd1 h5
28. Qc2 h4 29. g4 Bc7 30. Qf5 Qd6 31. Nf3 c5 32. Qg5 Qf6 33. Qxf6 gxf6 34. Nxh4
Be5 35. Rc2 d4 36. exd4 cxd4 37. Rxc8 Rxc8 38. Nf3 Rc2 39. Rd2 d3 40. Rxd3 Rxb2
41. Nxe5 fxe5 42. Kf3 Rb3 43. Ke4 f6 44. Rxb3 axb3 45. Kd3 b2 46. Kc2 e4 47.
Kxb2 1-0

[Event "Titled Tue 27th May Early"]
[Site "chess.com INT"]
[Date "2025.05.27"]
[Round "1"]
[White "Kawka, Milena"]
[Black "Gharibyan, Mamikon"]
[Result "1-0"]
[WhiteTitle "WCM"]
[BlackTitle "GM"]
[WhiteElo "2004"]
[BlackElo "2472"]
[WhiteFideId "21095167"]
[BlackFideId "13308300"]
[EventDate "2025.05.27"]

1. e4 c5 2. Nf3 Nc6 3. Bb5 e6 4. O-O Nd4 5. Nxd4 cxd4 6. c3 a6 7. Be2 Bc5 8. b4
Ba7 9. Bb2 Ne7 10. cxd4 d5 11. d3 Nc6 12. a3 Nxd4 13. Nc3 O-O 14. Rc1 b5 15. Bg4
Bb7 16. Re1 Rc8 17. Ne2 Rxc1 18. Bxc1 dxe4 19. dxe4 f5 20. exf5 exf5 21. Bh3
Nf3+ 22. gxf3 Qh4 23. Bg2 Bxf2+ 24. Kf1 Bb6 25. Qb3+ Kh8 26. Be3 Bd5 27. Qc3 Bd8
28. Bf2 Qxh2 29. Qc5 Rg8 30. Qxd5 Bg5 31. Rd1 h6 32. Ng1 Qb8 33. Qd6 Qa8 34. f4
Qc8 35. fxg5 Qc4+ 36. Qd3 Qg4 37. Qf3 Qxg5 38. Be3 Qh4 39. Qf2 Qc4+ 40. Qe2 Qb3
41. Rd3 Qb1+ 42. Rd1 Qa2 43. Qxa2 1-0

[Event "Titled Tue 27th May Early"]
[Site "chess.com INT"]
[Date "2025.05.27"]
[Round "1"]
[White "Jimenez Almeida, Luis David"]
[Black "Kriti, Mayur Patel"]
[Result "1-0"]
[WhiteTitle "FM"]
[BlackTitle "WCM"]
[WhiteElo "2188"]
[BlackElo "1695"]
[WhiteFideId "22242244"]
[BlackFideId "35061780"]
[EventDate "2025.05.27"]

1. e4 e5 2. Nf3 Nc6 3. Bb5 a6 4. Ba4 Nf6 5. O-O b5 6. Bb3 Bc5 7. d3 d6 8. c3 O-O
9. h3 h6 10. Re1 Bb6 11. Nbd2 Ne7 12. Nf1 Ng6 13. Be3 c5 14. Qd2 Be6 15. Ng3 Qd7
16. Kh2 c4 17. Bxb6 cxb3 18. axb3 Bxb3 19. Be3 Be6 20. d4 Bc4 21. Bxh6 Kh7 22.
Bxg7 Kxg7 23. Nf5+ Kg8 24. Qh6 Ne8 25. Ng5 f6 26. Qxg6+ Kh8 27. Qh6+ Kg8 28. Nf3
Rf7 29. d5 Rh7 30. Qg6+ Kh8 31. Re3 Ra7 32. N3h4 Qf7 33. Rg3 Ng7 34. Qxf7 Rxf7
35. Ng6+ Kg8 36. Nfe7+ Rxe7 37. Nxe7+ Kf7 38. Nc8 Nh5 39. Nxd6+ Ke7 40. Nf5+ Kd7
41. Rxa6 Nxg3 42. Ra7+ Kd8 43. Rxh7 Nxe4 44. d6 Be6 45. Ne7 Nxd6 46. Nc6+ Kc8
47. h4 Ne4 48. h5 Nxf2 49. Na7+ Kb8 50. Nxb5 Bf5 51. Rg7 Ng4+ 52. Kg3 Ne3 53.
Nd6 Bc2 54. h6 e4 55. h7 Nf1+ 56. Kf4 e3 57. h8=Q# 1-0

[Event "Titled Tue 27th May Early"]
[Site "chess.com INT"]
[Date "2025.05.27"]
[Round "1"]
[White "Madi, Aidana"]
[Black "Bodemar, Jonathan"]
[Result "0-1"]
[WhiteTitle "WFM"]
[BlackTitle "CM"]
[WhiteElo "1855"]
[BlackElo "2150"]
[WhiteFideId "13722689"]
[BlackFideId "6205488"]
[EventDate "2025.05.27"]

1. e4 e6 2. d4 d5 3. Nd2 Be7 4. e5 c5 5. c3 Nc6 6. Ndf3 f6 7. exf6 Nxf6 8. Bd3
O-O 9. Ne2 cxd4 10. cxd4 Bd6 11. O-O Qc7 12. Bg5 Bd7 13. Rc1 Ne4 14. Bh4 Rae8
15. Ng3 Nf6 16. Re1 Qb6 17. Ne5 Bc8 18. Nxc6 bxc6 19. Qc2 Qxd4 20. Bxf6 Rxf6 21.
Bxh7+ Kh8 22. Bd3 c5 23. Bb5 Ref8 24. Rf1 e5 25. Rcd1 Qb4 26. Be2 Bb7 27. a3 Qh4
28. Qb3 Ba8 29. h3 e4 30. Bg4 c4 31. Qc3 Qg5 32. Qd4 Be5 33. Qc5 Bxb2 34. Qxa7
Be5 35. Ne2 c3 36. a4 c2 37. Rc1 d4 38. Nxd4 Rxf2 39. Ne6 Rxf1+ 40. Rxf1 Rxf1+
41. Kxf1 c1=Q+ 42. Kf2 Qgd2+ 43. Be2 Qce1# 0-1

[Event "Titled Tue 27th May Early"]
[Site "chess.com INT"]
[Date "2025.05.27"]
[Round "1"]
[White "Pica, Eleni"]
[Black "Omariev, Maksim"]
[Result "0-1"]
[WhiteTitle "WCM"]
[BlackTitle "FM"]
[WhiteElo "1688"]
[BlackElo "2304"]
[WhiteFideId "5910005"]
[BlackFideId "4193423"]
[EventDate "2025.05.27"]

1. d4 h5 2. c4 h4 3. h3 d6 4. Nc3 e5 5. dxe5 dxe5 6. Qxd8+ Kxd8 7. Nf3 f6 8. Bd2
c6 9. e3 Kc7 10. O-O-O Be6 11. b3 Ba3+ 12. Kc2 Nd7 13. Bc1 Bxc1 14. Kxc1 Ne7 15.
Nd2 Nc5 16. Be2 Bf5 17. Nf3 g5 18. Rd2 Rhd8 19. Rhd1 Rxd2 20. Rxd2 a5 21. Ne1
Nc8 22. Nd3 Ne4 23. Nxe4 Bxe4 24. f3 Bxd3 25. Bxd3 b6 26. Bf5 Nd6 27. Be6 Re8
28. Bg4 f5 29. Bh5 Rh8 30. g4 hxg3 31. Bg6 Rh6 32. c5 bxc5 33. Bxf5 Nxf5 34. e4
Nd4 35. Rg2 Rxh3 36. Kd2 Nxf3+ 37. Ke3 Nh4 38. Rg1 g2+ 39. Kf2 Rf3+ 40. Ke2 Kb6
41. Rc1 Rf4 42. Rg1 Rxe4+ 43. Kf2 Rf4+ 44. Kg3 e4 45. Kh3 Kb5 46. Kg3 c4 47.
bxc4+ Kxc4 48. a4 Kb4 49. Kh2 Kxa4 50. Rc1 Kb5 51. Rb1+ Ka6 52. Rc1 c5 53. Rxc5
Rg4 54. Rc6+ Kb5 55. Rc1 a4 56. Kh3 g1=Q 57. Rxg1 Rxg1 58. Kh2 Nf3+ 59. Kh3 g4# 0-1

[Event "Titled Tue 27th May Early"]
[Site "chess.com INT"]
[Date "2025.05.27"]
[Round "1"]
[White "Amangeldy, Ernur"]
[Black "Bogaudinov, Rushan"]
[Result "1-0"]
[WhiteTitle "FM"]
[BlackTitle "FM"]
[WhiteElo "2231"]
[BlackElo "1912"]
[WhiteFideId "13720244"]
[BlackFideId "4129288"]
[EventDate "2025.05.27"]

1. d4 Nf6 2. Nc3 d5 3. Bf4 c6 4. e3 g6 5. h4 Bg7 6. Be2 h6 7. Nf3 Bg4 8. Ne5
Bxe2 9. Qxe2 Nbd7 10. O-O-O O-O 11. g4 Ne4 12. Nxe4 dxe4 13. Nxd7 Qxd7 14. f3
exf3 15. Qxf3 Qd5 16. Qxd5 cxd5 17. h5 g5 18. Bg3 f5 19. gxf5 Rxf5 20. Kd2 Rf3
21. Rhg1 Raf8 22. Ke2 R8f5 23. Rdf1 g4 24. Bf4 Rxf1 25. Kxf1 Rxh5 26. Rxg4 Kf7
27. Kg2 e5 28. Bg3 Rf5 29. e4 dxe4 30. d5 b5 31. b3 Rf3 32. Rxe4 Rc3 33. Re2 Ke7
34. Be1 Rc8 35. Bb4+ Kf6 36. Rf2+ Kg6 37. d6 Bf6 38. d7 Rg8 39. c4 bxc4 40. bxc4
Kf7+ 41. Kf1 Ke6 42. c5 Bg5 43. c6 a5 44. Bxa5 Kd6 45. Rc2 e4 46. Ke2 h5 47.
Bb4+ 1-0

[Event "Titled Tue 27th May Early"]
[Site "chess.com INT"]
[Date "2025.05.27"]
[Round "1"]
[White "Bukreev, Stanislav"]
[Black "Dominguez, Ramiro"]
[Result "1-0"]
[WhiteTitle "FM"]
[BlackTitle "FM"]
[WhiteElo "2328"]
[BlackElo "2185"]
[WhiteFideId "34252347"]
[BlackFideId "4420055"]
[EventDate "2025.05.27"]

1. d4 Nf6 2. c4 e6 3. Nf3 d5 4. Nc3 Be7 5. Bf4 O-O 6. e3 b6 7. cxd5 Nxd5 8. Nxd5
exd5 9. Bd3 Be6 10. O-O Nd7 11. Ne5 Nxe5 12. Bxe5 c5 13. Qh5 g6 14. Qh6 Bf6 15.
f4 Bxe5 16. fxe5 f5 17. h4 Qe7 18. Qg5 Qxg5 19. hxg5 Rac8 20. Rac1 Rc7 21. g3
Rfc8 22. Ba6 Rd8 23. Kf2 Rdd7 24. Bb5 Re7 25. a3 Bd7 26. Be2 Be6 27. Kf3 c4 28.
Kf4 Rf7 29. Rc3 b5 30. Rfc1 a5 31. R3c2 b4 32. axb4 axb4 33. b3 c3 34. Ra1 Ra7
35. Rca2 Rxa2 36. Rxa2 Rc7 37. Bd3 Bd7 38. Kf3 Bb5 39. Bc2 Kf7 40. Ra5 Rb7 41.
Ra8 Ke6 42. g4 fxg4+ 43. Kxg4 Bd7 44. Kg3 Ke7 45. Rh8 Ra7 46. Rxh7+ Kd8 47. Bxg6
Ra2 48. Rh2 Bb5 49. Rxa2 Be8 50. Ra8+ 1-0

[Event "Titled Tue 27th May Early"]
[Site "chess.com INT"]
[Date "2025.05.27"]
[Round "1"]
[White "Manon-og, Ramon Jr."]
[Black "Souleidis, Georgios"]
[Result "0-1"]
[BlackTitle "IM"]
[WhiteElo "1913"]
[BlackElo "2418"]
[WhiteFideId "5200776"]
[BlackFideId "4206827"]
[EventDate "2025.05.27"]

1. e4 c5 2. Nf3 e6 3. g3 Nc6 4. Bg2 Nf6 5. Qe2 e5 6. O-O Be7 7. d3 O-O 8. c3 h6
9. Rd1 d5 10. exd5 Qxd5 11. Nd4 Nxd4 12. cxd4 Qxd4 13. Nc3 Bg4 14. Bf3 Bxf3 15.
Qxf3 Qd7 16. Be3 Rad8 17. Ne4 Nxe4 18. dxe4 Qe6 19. Rd5 Rxd5 20. exd5 Qd7 21.
Qe4 Bd6 22. Qc4 b5 23. Qc3 c4 24. a4 a6 25. axb5 axb5 26. Ra7 Qg4 27. Qd2 b4 28.
Ra6 Rd8 29. Kg2 Qe4+ 30. f3 Qd3 31. Rc6 Bf8 32. Qf2 Qxd5 33. Rc7 Bd6 34. Ra7 Rc8
35. Qc2 c3 36. bxc3 bxc3 37. Qf5 Qe6 38. Qc2 Bf8 39. h4 h5 40. Rb7 Qc6 41. Rb3
g6 42. Rb6 Qd5 43. Kf2 Bg7 44. g4 hxg4 45. fxg4 Qh1 46. h5 Qh2+ 47. Kf3 Qxc2 48.
hxg6 Qxg6 49. Rxg6 fxg6 50. Ke2 c2 51. Bc1 e4 52. Ke3 Rd8 53. g5 Rd1 54. Bb2
Bxb2 0-1

[Event "Titled Tue 27th May Early"]
[Site "chess.com INT"]
[Date "2025.05.27"]
[Round "1"]
[White "Levitan, Judah Nathan"]
[Black "Maltsevskaya, Aleksandra"]
[Result "0-1"]
[WhiteTitle "CM"]
[BlackTitle "IM"]
[WhiteElo "2127"]
[BlackElo "2398"]
[WhiteFideId "14332639"]
[BlackFideId "24174041"]
[EventDate "2025.05.27"]

1. e4 c5 2. Nf3 e6 3. d4 cxd4 4. Nxd4 Nc6 5. Nc3 Nf6 6. Nxc6 bxc6 7. e5 Nd5 8.
Ne4 Qc7 9. f4 Qb6 10. c4 Bb4+ 11. Ke2 Ba6 12. Kf3 f5 13. Nd6+ Bxd6 14. cxd5 Bxf1
15. Rxf1 Bc5 16. dxe6 dxe6 17. a3 Rd8 18. Qc2 O-O 19. b4 Bd4 20. Rb1 Qb5 21. Be3
g5 22. Qb3 g4+ 23. Kf2 Bxe3+ 24. Kxe3 Rd5 25. Rfd1 Rfd8 26. Rxd5 Rxd5 27. Rd1
Kf7 28. Rxd5 exd5 29. Qc3 Qa6 30. Kf2 Ke6 31. h3 h5 32. hxg4 hxg4 33. Qc5 Qd3
34. Qxc6+ Ke7 35. Qd6+ Ke8 36. Qb8+ Ke7 37. Qxa7+ Ke6 38. Qb6+ Ke7 39. Qc5+ Ke6
40. Qe3 Qc2+ 41. Kg3 Qc4 42. Kh2 d4 43. Qd2 d3 44. a4 Qc2 45. Qf2 Qxf2 0-1

[Event "Titled Tue 27th May Early"]
[Site "chess.com INT"]
[Date "2025.05.27"]
[Round "1"]
[White "Grzesik, Gracjan"]
[Black "Aung Thant Zin"]
[Result "1-0"]
[WhiteTitle "CM"]
[BlackTitle "FM"]
[WhiteElo "2175"]
[BlackElo "2268"]
[WhiteFideId "1194593"]
[BlackFideId "13000063"]
[EventDate "2025.05.27"]

1. c4 e5 2. Nc3 Nf6 3. Nf3 Nc6 4. g3 Be7 5. Bg2 O-O 6. O-O d6 7. d4 exd4 8. Nxd4
Bd7 9. b3 Nxd4 10. Qxd4 Bc6 11. e4 Nd7 12. Bb2 Bf6 13. Qd2 Re8 14. Rfe1 a6 15.
Rad1 Qc8 16. f4 Nf8 17. a4 Qg4 18. Qf2 h5 19. h3 Qg6 20. Kh2 Bxc3 21. Bxc3 Nh7
22. Qd4 f6 23. Ra1 Nf8 24. b4 Qh6 25. Bd2 Qh7 26. Bf3 h4 27. g4 Ne6 28. Qf2 g5
29. f5 Nf4 30. Bxf4 gxf4 31. Qd2 Qh6 32. b5 Bd7 33. Rf1 Re5 34. Rae1 Rae8 35.
Bg2 axb5 36. axb5 c6 37. Qxf4 Qxf4+ 38. Rxf4 d5 39. cxd5 cxd5 40. b6 dxe4 41.
Rfxe4 Bc6 42. Rxe5 Rxe5 43. Rxe5 Bxg2 44. Re7 1-0

[Event "Titled Tue 27th May Early"]
[Site "chess.com INT"]
[Date "2025.05.27"]
[Round "1"]
[White "Marynychenko, Yehor"]
[Black "Arabidze, Meri"]
[Result "1-0"]
[WhiteTitle "CM"]
[BlackTitle "IM"]
[WhiteElo "2183"]
[BlackElo "2440"]
[WhiteFideId "34160558"]
[BlackFideId "13604040"]
[EventDate "2025.05.27"]

1. e4 c5 2. c3 Nf6 3. e5 Nd5 4. Nf3 e6 5. d4 cxd4 6. cxd4 b6 7. Bc4 Ba6 8. Bxa6
Nxa6 9. O-O Be7 10. Nc3 Nxc3 11. bxc3 O-O 12. Qd3 Nc7 13. Nd2 d6 14. exd6 Qxd6
15. Ne4 Qc6 16. Bg5 Qd7 17. Qg3 f6 18. Bh6 Rf7 19. Bf4 Nd5 20. Bd2 b5 21. h4 Rc8
22. h5 a6 23. Rfc1 Rc4 24. h6 g6 25. Re1 Bf8 26. Re2 Qc7 27. Qh3 Qc8 28. Rae1
Ra4 29. Nc5 Bxc5 30. dxc5 Nc7 31. c6 Qf8 32. Qd3 Rc4 33. Rxe6 Nxe6 34. Rxe6 Re7
35. Rd6 Qf7 36. Be3 g5 37. Qf5 Rxc3 38. Rxf6 Qe8 39. Qxg5+ Kh8 40. Rf8+ Qxf8 41.
Bd4+ Rg7 42. hxg7+ Kg8 43. gxf8=Q+ Kxf8 44. Bxc3 Kf7 45. Qf6+ 1-0

[Event "Titled Tue 27th May Early"]
[Site "chess.com INT"]
[Date "2025.05.27"]
[Round "1"]
[White "Mora Munoz, Alejandro"]
[Black "Osiecki, Stanislaw"]
[Result "1-0"]
[WhiteTitle "FM"]
[BlackTitle "FM"]
[WhiteElo "2147"]
[BlackElo "1944"]
[WhiteFideId "4469844"]
[BlackFideId "1102990"]
[EventDate "2025.05.27"]

1. e4 e6 2. d4 d5 3. Nc3 Bb4 4. e5 c5 5. a3 Bxc3+ 6. bxc3 Qc7 7. Qg4 f5 8. Qg3
cxd4 9. cxd4 Ne7 10. Bd3 Qc3+ 11. Kd1 Qxa1 12. Ne2 Nbc6 13. Qxg7 Rg8 14. Qxh7
Nxd4 15. Qh5+ Kd8 16. Nf4 Ndc6 17. Re1 Nxe5 18. Qf7 Nxd3 19. cxd3 Qg7 20. Nxe6+
Bxe6 21. Qxe6 Rc8 22. Bb2 Qf8 23. Bf6 Rc7 24. Qd6+ Kc8 25. Bxe7 Qe8 26. Bf6 Qa4+
27. Ke2 Re8+ 28. Be5 Qc6 29. Kf1 Rce7 30. Qxc6+ bxc6 31. f4 Rb7 32. Rc1 Kd7 33.
Rc5 Rb3 34. Ra5 Ra8 35. d4 Rb2 36. Kg1 Kc8 37. Rc5 Kb7 38. Rc3 Kb6 39. Bd6 Rc8
40. Bc5+ Ka6 41. Rh3 Rcb8 42. Rh6 Kb5 43. h3 Rg8 44. Rh7 Rgxg2+ 45. Kf1 1-0

[Event "Titled Tue 27th May Early"]
[Site "chess.com INT"]
[Date "2025.05.27"]
[Round "1"]
[White "Aarav Sinha"]
[Black "Sonis, Francesco"]
[Result "0-1"]
[WhiteTitle "FM"]
[BlackTitle "GM"]
[WhiteElo "2255"]
[BlackElo "2570"]
[WhiteFideId "25674064"]
[BlackFideId "895733"]
[EventDate "2025.05.27"]

1. e4 g6 2. d4 Bg7 3. Nf3 d6 4. h3 Nc6 5. c3 e5 6. Be3 Nf6 7. Nbd2 exd4 8. cxd4
O-O 9. Bd3 Re8 10. O-O Nb4 11. Bb1 a5 12. a3 Na6 13. Bd3 Bd7 14. Rc1 c6 15. Re1
Be6 16. Bf4 Nh5 17. Bh2 Bh6 18. Nc4 Bxc1 19. Qxc1 Bxc4 20. Bxc4 Nc7 21. Qh6 d5
22. Ng5 Nf6 23. Ba2 Ne6 24. Nxe6 Rxe6 25. e5 Nh5 26. Bb1 Qb6 27. Qd2 Ng7 28. Kh1
c5 29. f4 cxd4 30. Bg1 Rc6 31. Bxd4 Qc7 32. f5 gxf5 33. Rf1 Rc8 34. Bc3 Qd7 35.
Qd4 Rc4 36. Qb6 a4 37. Qf6 d4 38. Bd2 R8c6 39. Qh4 Qd5 40. Bxf5 Nxf5 41. Rxf5
Rg6 42. Rf2 Rc2 43. Kh2 Rxb2 44. Qh5 Rb5 45. Qe2 Qxe5+ 0-1

[Event "Titled Tue 27th May Early"]
[Site "chess.com INT"]
[Date "2025.05.27"]
[Round "1"]
[White "Khandhadia, Nivaan Rathin"]
[Black "Bendayan Claros, Aaron"]
[Result "0-1"]
[WhiteTitle "CM"]
[BlackTitle "CM"]
[WhiteElo "2112"]
[BlackElo "2224"]
[WhiteFideId "25753274"]
[BlackFideId "3803392"]
[EventDate "2025.05.27"]

1. d4 d5 2. c4 e6 3. Nf3 Nf6 4. Nc3 a6 5. e3 Be7 6. Bd3 O-O 7. O-O dxc4 8. Bxc4
b5 9. Bd3 Bb7 10. a3 c5 11. dxc5 Bxc5 12. b4 Bd6 13. Bb2 Qb6 14. Rc1 Nbd7 15.
Qe2 Rac8 16. Rfd1 Rfd8 17. Nd2 h6 18. Nde4 Be7 19. Nxf6+ Nxf6 20. Bb1 Rxd1+ 21.
Rxd1 Qc6 22. f3 Qc7 23. Qc2 Bd6 24. f4 e5 25. Qd2 Be7 26. fxe5 Qxe5 27. Ne4 Nxe4
28. Bxe5 Nxd2 29. Rxd2 Rc1+ 30. Kf2 Rxb1 31. Rd7 Bxb4 32. axb4 Be4 33. Rd8+ Kh7
34. Rd7 Kg6 35. Rd6+ f6 36. Rxa6 Rxb4 37. Bc3 Rb3 38. Bd4 b4 39. Rb6 Rb1 0-1